| 000 | 00882nam a2200253Ia 4500 | ||
|---|---|---|---|
| 003 | GCL | ||
| 008 | 140319s9999 xx 000 0 ara d | ||
| 040 |
_aGCL / _cGCL |
||
| 082 | 0 | 4 |
_a953.104 _bع ا |
| 100 | 1 | _aعبدالفتاح حسن ابوعلية | |
| 245 | 1 | 0 |
_aالاصلاح الاجتماعى فى عهد الملك عبد العزيز / _cعبدالفتاح حسن ابوعلية |
| 260 |
_a[S.N] : _bدار المريخ للنشر ، _c1986 |
||
| 300 | _a303 ص | ||
| 490 | _a | ||
| 650 | 0 | 4 | _aالعصر الحديث |
| 650 | 0 | 4 | _aتاريخ |
| 650 | 0 | 4 | _aالتنمية الاجتماعية |
| 650 | 0 | 4 | _aالسعودية |
| 650 | 0 | 4 | _aالتنمية الاقتصادية |
| 650 | 0 | 4 | _aالتخطيط الاجتماعى |
| 650 | 0 | 4 | _aالمجتمعات القبلية |
| 650 | 0 | 4 | _aعبدالعزيز بن عبدالرحمن آل سع |
| 942 |
_2ddc _cBK |
||
| 999 |
_c55081 _d55081 |
||